000 00307nam a22001337a 4500
008 170926b xxu||||| |||| 00| 0 eng d
020 _a9780205031931
041 _aeng
080 _22ND
_a37
100 _a46
101 _aEDU
245 _aTHE SUCCESSFUL WRITER'S HANDBOOK
_cWHORTER,K.T
942 _2udc
_cBK
999 _c30072
_d30072